000 00651nam a2200217Ia 4500
003 OSt
005 20251030112203.0
008 220923b |||||||| |||| 00| 0 eng d
020 _a0415087473
037 _cText Book
040 _aRTL
_cRTL
_beng
041 _2eng
_aeng
084 _aY9(X:8), N4/TD
_qRTL
245 0 _aAnthropolgy of organizations
260 _aLondon
_bRoutledge
_c1994
300 _axi, 217 p.
_bIncludes bibliographical references and index.
500 _aBibliography chapterwise
700 _aWright, Susan
_eEditor
_9849847
942 _hY9(X:8), N4/TD1
_cTB
_2CC
_n0
999 _c580989
_d580989